Foundations of digital art and design with the Adobe Creative Cloud / (Record no. 19996)

MARC details
000 -LEADER
fixed length control field 01030cam a22003015a 4500
001 - CONTROL NUMBER
control field 18102208
005 - DATE AND TIME OF LATEST TRANSACTION
control field 20150812121638.0
008 - FIXED-LENGTH DATA ELEMENTS--GENERAL INFORMATION
fixed length control field 140403t2014 caua fr 001 0 eng d
020 ## - INTERNATIONAL STANDARD BOOK NUMBER
International Standard Book Number 9780321906373
020 ## - INTERNATIONAL STANDARD BOOK NUMBER
International Standard Book Number 0321906373
040 ## - CATALOGING SOURCE
Original cataloging agency GC0
Transcribing agency GC0
Modifying agency YDXCP
-- NUI
-- DLC
-- EG-ScBUE
Language of cataloging eng
050 00 - LIBRARY OF CONGRESS CALL NUMBER
Classification number T385
Item number .B86439 2014
082 04 - DEWEY DECIMAL CLASSIFICATION NUMBER
Edition number 22
Item number BUR
Classification number 006.6860247454
100 1# - MAIN ENTRY--PERSONAL NAME
Personal name Burrough, Xtine.
9 (RLIN) 38329
245 10 - TITLE STATEMENT
Title Foundations of digital art and design with the Adobe Creative Cloud /
Statement of responsibility, etc Xtine Burrough.
260 ## - PUBLICATION, DISTRIBUTION, ETC. (IMPRINT)
Place of publication, distribution, etc [Berkeley, California] :
Name of publisher, distributor, etc New Riders / Peachpit / Pearson Education,
Date of publication, distribution, etc c.2014.
300 ## - PHYSICAL DESCRIPTION
Extent xiii, 305 p. :
Other physical details ill. (col.) ;
Dimensions 23 cm.
500 ## - GENERAL NOTE
General note Index : p. 298-305.
650 #0 - SUBJECT ADDED ENTRY--TOPICAL TERM
Topical term or geographic name as entry element Computer graphics.
Source of heading or term BUEsh
650 #0 - SUBJECT ADDED ENTRY--TOPICAL TERM
Topical term or geographic name as entry element Web sites
General subdivision Design.
Source of heading or term BUEsh
650 #0 - SUBJECT ADDED ENTRY--TOPICAL TERM
Topical term or geographic name as entry element Design
General subdivision Data processing.
Source of heading or term BUEsh
650 #0 - SUBJECT ADDED ENTRY--TOPICAL TERM
Topical term or geographic name as entry element Graphic arts
General subdivision Data processing.
Source of heading or term BUEsh
650 #0 - SUBJECT ADDED ENTRY--TOPICAL TERM
Topical term or geographic name as entry element Cloud computing.
Source of heading or term BUEsh
9 (RLIN) 37309
651 ## - SUBJECT ADDED ENTRY--GEOGRAPHIC NAME
Source of heading or term BUEsh
653 ## - INDEX TERM--UNCONTROLLED
Resource For college Communication and mass media
Arrived date list June2015
-- August2015
655 ## - INDEX TERM--GENRE/FORM
Form subdivision
-- 34232
942 ## - ADDED ENTRY ELEMENTS (KOHA)
Source of classification or shelving scheme Dewey Decimal Classification
Holdings
Withdrawn status Lost status Source of classification or shelving scheme Damaged status Not for loan Koha collection Home library Current library Shelving location Date acquired Source of acquisition Cost, normal purchase price Serial Enumeration / chronology Total Checkouts Full call number Barcode Date last seen Cost, replacement price Koha item type
    Dewey Decimal Classification     Alahram Central Library Central Library Lower Floor 28/06/2015   412.00 308   006.6860247454 BUR 000039071 15/07/2025 515.00 Book - Borrowing